00535nam a2200193 a 4500001001300000003000900013005001700022008004100039020002300080082001300103100001900116245007500135260004200210300000900252500003500261505001000296650001600306700001900322nice12345678IN_TiNIC20260116014047.0050524s1993 graa grp 000 0 eng  a0801037 c29500a239bCLA aClark, David K aDialogical Apologeticsb Person Centered Approach to Christian Defense aGrand RapidsbBaker Book House c1993 a245p aincludes index and biblioraphy2 aIndex aApologetics1 aClark, David K